000 01021nam a22002657a 4500
003 OSt
005 20240530110418.0
008 150309s2007 ua a f 001 0 eng d
020 _a9789774161391
035 _axx002999611
040 _aEG-CaGPL
_cEG-CaGPL
082 0 4 _221
_a932
_bCC\F P
100 1 _aFerrero, Giorgio
245 1 0 _aPharaonic civilization :
_bhistory and treasures of Ancient Egypt /
_c[texts Giorgio Ferrero ; ed. dir. Valeria Manferto de Fabianis ; collabor. ed. Laura Accomazzo, Giorgio Ferrero ; graphic deisgner Paola Piacco ; transl. Richard Pierce].
246 3 0 _aHistory and treasures of Ancient Egypt
260 _aCairo :
_bThe American University in Cairo Press,
_ccop. 2007.
300 _a207, [1] s. :
_bill. col. ;
_c33 cm.
500 _aZawiera gł. ill.
504 _aBibliogr. s. 207. Indeks.
650 0 _aPharaonic civilization
700 1 _aManferto De Fabianis, Valeriâ.
_eRed.
700 1 _aPiacco, Paola.
_eOprac.
700 1 _aAccomazzo, Laura.
_eRed.
942 _2ddc
_cBK
999 _c60594
_d60594